Flavins and flavoproteins : (Record no. 4069)

000 -LEADER
fixed length control field 00878cam a2200241 a 4500
003 - CONTROL NUMBER IDENTIFIER
control field OSt
005 - DATE AND TIME OF LATEST TRANSACTION
control field 20220317112731.0
008 - FIXED-LENGTH DATA ELEMENTS--GENERAL INFORMATION
fixed length control field 811211s1980 ja a b 101 0 eng
020 ## - INTERNATIONAL STANDARD BOOK NUMBER
International Standard Book Number ALUPE UNIVERSITY COLLEGE
040 ## - CATALOGING SOURCE
Transcribing agency DLC
050 00 - LIBRARY OF CONGRESS CALL NUMBER
Classification number QP671.F5
Item number I57 1978
111 2# - MAIN ENTRY--MEETING NAME
Number of part/section/meeting (6th :
Date of meeting or treaty signing 1978 :
245 10 - TITLE STATEMENT
Title Flavins and flavoproteins :
Remainder of title proceedings of the 6th International Symposium on Flavins and Flavoproteins /
Statement of responsibility, etc. edited by Kunio Yagi and Toshio Yamano.
260 ## - PUBLICATION, DISTRIBUTION, ETC.
Place of publication, distribution, etc. Tokyo :
Name of publisher, distributor, etc. Japan Scientific Societies Press ;
Place of publication, distribution, etc. Baltimore :
Name of publisher, distributor, etc. University Park Press,
Date of publication, distribution, etc. c1980.
300 ## - PHYSICAL DESCRIPTION
Extent xvi, 740 p. :
Other physical details ill. ;
Dimensions 27 cm.
504 ## - BIBLIOGRAPHY, ETC. NOTE
Bibliography, etc. note Includes bibliographical references and index.
650 #0 - SUBJECT ADDED ENTRY--TOPICAL TERM
Topical term or geographic name entry element Flavins
General subdivision Congresses.
650 #0 - SUBJECT ADDED ENTRY--TOPICAL TERM
Topical term or geographic name entry element Flavoproteins
General subdivision Congresses.
700 1# - ADDED ENTRY--PERSONAL NAME
Personal name Yagi, Kunio.
700 1# - ADDED ENTRY--PERSONAL NAME
Personal name Yamano, Toshio.
906 ## - LOCAL DATA ELEMENT F, LDF (RLIN)
a 7
b cbc
c orignew
d 4
e ncip
f 19
g y-gencatlg
942 ## - ADDED ENTRY ELEMENTS (KOHA)
Source of classification or shelving scheme
Koha item type Book
Holdings
Withdrawn status Lost status Source of classification or shelving scheme Damaged status Not for loan Permanent Location Current Location Shelving location Date acquired Source of acquisition Total Checkouts Full call number Barcode Date last seen Price effective from Koha item type Public note
          AU LIBRARY AU LIBRARY Open Shelf 17.03.2022 DONATION FROM MOI UNIVERSITY   QP671.F5 I57 1978 28005787 17.03.2022 17.03.2022 Book SM

Powered by Koha